Welcome to WEB OPAC of MRSPTU Central Library

Chemical thermodynamics : Principles and applications (Record no. 6200)

MARC details
000 -LEADER
fixed length control field 00459nam a2200181Ia 4500
008 - FIXED-LENGTH DATA ELEMENTS--GENERAL INFORMATION
fixed length control field 230711s9999||||xx |||||||||||||| ||und||
020 ## - INTERNATIONAL STANDARD BOOK NUMBER
International Standard Book Number 978-81-312-0282-1
041 ## - LANGUAGE CODE
Language code of text/sound track or separate title ENG
082 ## - DEWEY DECIMAL CLASSIFICATION NUMBER
Classification number 541.369
Item number OT-C
100 ## - MAIN ENTRY--PERSONAL NAME
Personal name Ott,J.Bevan
245 #0 - TITLE STATEMENT
Title Chemical thermodynamics : Principles and applications
250 ## - EDITION STATEMENT
Edition statement 1st Ed.
260 ## - PUBLICATION, DISTRIBUTION, ETC.
Date of publication, distribution, etc. 2012
Place of publication, distribution, etc. New Delhi
Name of publisher, distributor, etc. Elsevier
300 ## - PHYSICAL DESCRIPTION
Extent 664p.
650 ## - SUBJECT ADDED ENTRY--TOPICAL TERM
Topical term or geographic name entry element Chemistry
700 ## - ADDED ENTRY--PERSONAL NAME
Personal name Goates,Juliana Boerio
942 ## - ADDED ENTRY ELEMENTS (KOHA)
Koha item type Book
Holdings
Withdrawn status Lost status Damaged status Not for loan Collection Home library Current library Date acquired Cost, normal purchase price Inventory number Total checkouts Full call number Barcode Date last seen Price effective from Koha item type
          MRSPTU Central Library MRSPTU Central Library   650.00 KBD/2016-2017/959442808   541.369 OT-C 34793 08/17/2023 08/17/2023 Book
          MRSPTU Central Library MRSPTU Central Library   650.00 KBD/2016-2017/959442808   541.369 OT-C 34794 08/17/2023 08/17/2023 Book

Website Designed and Developed by MRSPTU Central Library Team

E-mail Id: librarian@mrsptu.ac.in